000
00354nam a2200145Ia 4500
008
090124s9999 xx 000 0 und d
082
_b
300945
245
_a
अभागी
250
_a
1
260
_b
सिनकर श्रीकांत
_c
1983
300
_a
209
630
_a
अभागी
730
_a
अभागी
942
_c
BOOK
999
_c
190499
_d
190499